000
00330nam a22001457a 4500
020
_a
0-906710-06-5
082
_a
823
_b
DAV/C
100
_a
DAVIS, JIM
245
_a
GARFIELD,THE GREAT LOVER
246
_a
WHY DO YOU HATE MONDAYS?
260
_a
BRITIAN
_b
RAVETYTE BOOKS
_c
1993
520
_a
SHORT STORY
650
_a
V
942
_c
BK
999
_c
5821
_d
5821